| 000 | 00519nam a2200157 i 4500 | ||
|---|---|---|---|
| 001 | 101219 | ||
| 003 | ES-MaACL | ||
| 005 | 20230906182841.0 | ||
| 007 | t| | ||
| 008 | 051014s1924 pe ||||1| spa d | ||
| 100 | 1 |
_aMax Medina, Pio. _979300 |
|
| 245 | 1 | 0 |
_aAyacucho _b: homenaje a la empresa de la emancipación política en el centenario de la batalla del 9 de Diciembre de 1824 / _cPio Max Medina. |
| 260 |
_aLima : _bTorres Aguirre, _c1924. |
||
| 300 |
_a205 p., 14 lám. ; _c25 cm. |
||
| 852 |
_aES-MaACL _jF-6727 |
||
| 999 |
_c101219 _d101219 |
||